| 000 | 00479nam a2200193Ia 4500 | ||
|---|---|---|---|
| 008 | 170918s9999 xx 000 0 und d | ||
| 020 | _a9780545450393 | ||
| 050 | _bS255 2011 | ||
| 100 | _aSauer, Tammi | ||
| 245 | _aMr. Duck means business / | ||
| 245 | _cby Timmy Sauer ; illustrated by Jeff Mack. | ||
| 260 | _aNew York : | ||
| 260 | _bScholastic, | ||
| 260 | _c2011 | ||
| 300 | _aunpaged : | ||
| 300 | _bcolored illustration ; | ||
| 300 | _c23cm. | ||
| 500 | _a320 | ||
| 999 |
_c342869 _d342869 |
||